Historia de las instituciones políticas y sociales americanas y argentinas /

Guardado en:
Autor Principal: Zuretti, Juan Carlos
Formato: Libro
Publicado: Buenos Aires : Itinerarium, 1966
Materias:
Etiquetas: Agregar Etiqueta
Sin Etiquetas, Sea el primero en etiquetar este registro!
LEADER 00510nam a22001695a 4500
001 CEM.cems006774
005 20060214000000.0
008 130507s1966##################000#0#####d
003 CEMS
082 0 4 |a 980 
100 1 |a Zuretti, Juan Carlos 
245 1 0 |a Historia de las instituciones políticas y sociales americanas y argentinas / 
260 |a Buenos Aires :  |b Itinerarium,  |c 1966 
300 |a 290 p. 
653 |a Historia 
653 |a Historia de america 
859 |a CEMS  |b BIB. CEMS - 11 de abril  |h 980  |i Z87  |p 8046.80  |t Ej.1